Virtual London - communicating, distributing and populating the digital city (Record no. 74082)

MARC details
000 -LEADER
fixed length control field 01063cab a2200217 4500
001 - CONTROL NUMBER
control field ABS67443
008 - FIXED-LENGTH DATA ELEMENTS--GENERAL INFORMATION
fixed length control field 040128n2004 000 0 eng u
035 ## - SYSTEM CONTROL NUMBER
System control number (Sirsi) u124938
100 ## - MAIN ENTRY--PERSONAL NAME
Personal name Hudson-Smith, A.
245 ## - TITLE STATEMENT
Title Virtual London - communicating, distributing and populating the digital city
260 ## - PUBLICATION, DISTRIBUTION, ETC.
Date of publication, distribution, etc. 2004
490 ## - SERIES STATEMENT
Series statement Geomatics World
Volume/sequential designation 12(3) January/February 2004, 28-29(2)
520 ## - SUMMARY, ETC.
Summary, etc. Reports on the creation of large scale datasets of cities, in particular the work of researchers at University College London's Centre for Advanced Spatial Analysis in creating Virtual London. This project is intended to be delivered via the internet and will allow planners to stakeholders to view the cityscape. Examines the software involved in the production of the datasets and how the virtual city will be enabled for uploading to the Internet.
590 ## - LOCAL NOTE (RLIN)
Local note ABS
650 ## - SUBJECT ADDED ENTRY--TOPICAL TERM
Topical term or geographic name entry element LONDON
650 ## - SUBJECT ADDED ENTRY--TOPICAL TERM
Topical term or geographic name entry element 3D COMPUTER MODELLING TECHNIQUES
650 ## - SUBJECT ADDED ENTRY--TOPICAL TERM
Topical term or geographic name entry element SPATIAL ANALYSIS
690 ## - LOCAL SUBJECT ADDED ENTRY--TOPICAL TERM (OCLC, RLIN)
Topical term or geographic name as entry element Planning and development
9 (RLIN) 6259
700 ## - ADDED ENTRY--PERSONAL NAME
Personal name Evans, S.
942 ## - ADDED ENTRY ELEMENTS (KOHA)
Suppress in OPAC 0
Holdings
Withdrawn status Lost status Source of classification or shelving scheme Damaged status Not for loan Home library Current library Shelving location Date acquired Total Checkouts Full call number Barcode Date last seen Copy number Price effective from Koha item type
    Dewey Decimal Classification     London London Journal article 28/01/2004   ABS67443 124938-1001 06/08/2019 1 06/08/2019 Journal article